| 000 | 00862nam a22002657a 4500 | ||
|---|---|---|---|
| 003 | CHAP | ||
| 005 | 20220329140225.0 | ||
| 008 | 971013s1965 r 00010 d | ||
| 010 | _a48799 | ||
| 011 | _a49771 | ||
| 035 | _a53921 | ||
| 040 | _cCHAP | ||
| 082 |
_a338.109874 _bV44 |
||
| 110 |
_aVenezuela. Dirección de Economía y Estadística Agropecuaria _9118706 |
||
| 245 | _aEstadísticas del estado de Cojedes, 1964 | ||
| 260 |
_aCaracas : _bMinisterio de Agricultura y Cría, _c1965 |
||
| 300 | _a44 p. | ||
| 590 |
_aBATCH-UPD _b10 _c20130110 _lUCH01 _h2248 |
||
| 590 |
_aBATCH-UPD _b10 _c20130410 _lUCH01 _h1541 |
||
| 590 |
_aCONVERSION _b10 _c20130109 _lUCH01 _h1327 |
||
| 650 | 1 | 4 |
_aAgricultura _xAspectos economicos _xCojedes (Edo.), Venezuela. _91229 |
| 901 | _aBK | ||
| 942 | _cLIBRO | ||
| 949 |
_a338.109874 V44 _bBC _cBPA _d-119278 _eBPA _h5468 _i53921 _si |
||
| 999 |
_c48799 _d48799 |
||